| 000 | 00448cam a2200157ua 4500 | ||
|---|---|---|---|
| 041 |
_aeng _h |
||
| 082 |
_a631.3 _bSRI/AP |
||
| 100 | _aSrivastava, P K . | ||
| 245 |
_aAppropriate agri-based technologies for rural women / _cP K Srivastava. _hTextual Documents |
||
| 260 |
_aBhopal : _bCentral Institute of Agricultural Engineering , _c1995. |
||
| 300 | _a77 ; . | ||
| 500 | _aReference ** | ||
| 504 | _a | ||
| 942 | _cBK | ||
| 999 |
_c10017 _d10017 |
||